000 00692nam a2200289Ia 4500
005 20260324134014.0
008 008 260324s9999 xx 000 0 eng d
020 _a9780429191145
037 _aEBOOK
040 _aCRL
040 _beng
040 _cCRL
041 _2eng
041 _aeng
084 _qCRL
100 _aJohn N. Mordeson; Davender S. Malik
_91195213
245 0 _aFuzzy Automata and Languages
245 0 _bTheory and Applications
260 _bTaylor and Francis
260 _c2002
365 _a
365 _b385
856 _uhttp://www.taylorfrancis.com/books/9780429191145
942 _cEBOOK
999 _c1794834
_d1794834